000 01222cam a22003377a 4500
003 CHAP
005 20220329140921.0
008 971013s1996 r 00010 d
010 _a59785
011 _a60757
035 _a64919
040 _cCHAP
090 _aTesis
100 0 0 _aLoperena Núñez, Martín.
_968497
245 1 3 _aLa Yucca schidigera Roezl; su importancia en el aprovechamiento sustentable de los recursos naturales del estado de Baja California
260 _aChapingo, Méx. :
_bEl autor,
_c1996
300 _a63 h.
_b: ilus.
502 _aTesis (Ing. Agr. Esp. en Zootecnia) --UACH. Departamento de Zootecnia
590 _aALEPH
_b10
_c20130110
_lUCH01
_h1338
590 _aBATCH-UPD
_b10
_c20130110
_lUCH01
_h0659
590 _aBATCH-UPD
_b10
_c20130110
_lUCH01
_h2347
590 _aBATCH-UPD
_b10
_c20130410
_lUCH01
_h0344
590 _aBATCH-UPD
_b10
_c20130914
_lUCH01
_h1956
590 _aCONVERSION
_b10
_c20130109
_lUCH01
_h1332
650 1 4 _aRecursos naturales
_xConservación
_xBaja California.
_995225
650 1 4 _aYuca schidigera.
_9123310
901 _aBK
942 _cFOLL
949 _bBC
_cTES
_d-143245
_eTS1
_h28818
_i64919
_si
949 _bBC
_cTES
_d33724000077186
_eTS2
_fc.2
_h28819
_i64919
_si
999 _c59785
_d59785